| 000 | 00760cam a2200253 a 4500 | ||
|---|---|---|---|
| 001 | |||
| 003 | DO-SdBNP | ||
| 005 | 20170118105628.0 | ||
| 008 | 970505s1992 cu a j 000 1 spa | ||
| 010 | _a | ||
| 020 | _a9590800106 | ||
| 035 | _a(OCoLC) | ||
| 040 |
_aBPMSU _bspa _cBPMSU |
||
| 050 | 0 | 0 |
_a _b |
| 100 | 1 |
_aVian, Enid, _d1948- |
|
| 245 | 1 | 0 |
_aDe las rastrirrañas y las miñocorras : _bdialoguifábulas / _cEnid Vian ; ilustraciones Gloria Lorenzo |
| 260 |
_aCiudad de La Habana : _bEditorial Gente Nueva, _c1992. |
||
| 300 |
_a59 p. : _b ils. ; _c24 cm. |
||
| 490 | 1 | _aBiblioteca escolar | |
| 700 |
_a Lorenzo, Gloria _eils. |
||
| 830 | 0 | _aBiblioteca escolar (Havana, Cuba) | |
| 942 |
_2ddc _cBK |
||
| 956 |
_aVMATEO _b10 _c20170118 _dBPMSU _f0069 |
||
| 999 |
_c12511 _d12511 |
||